000 00255nam a22000977a 4500
008 260413b |||||||| |||| 00| 0 eng d
020 _a9789352755950
100 _aPilkey Dav
_97862
245 _aDog Man Lord of the Fleas-5
260 _aIndia
_bScholastic
_c2024
999 _c12863
_d12863